000 01520cam a2200301 i 4500
003 IMU CC
005 20260409163059.0
008 150227s2015 enk b 001 0 eng
020 _a9781119065999
040 _aIMU CC
_beng
_erda
041 0 _aeng
082 0 0 _223
_a629.134
_bTHE
100 1 _a
110 _aRolls-Royce plc,
_eauthor,
_eissuing body.
_94218
245 1 4 _aThe jet engine /
260 _aLondon:
_bWiley,
_c2015.
300 _a288 p.;
_c29 cm
336 _atext
_btxt
_2rdacontent
504 _aIncludes bibliographical references (page 288) and index.
520 _a"The Jet Engine provides a complete, accessibledescription of the working and underlying principles of the gasturbine. Accessible, non-technical approach explaining the workings of jet engines, for readers of all levels. Full colour diagrams, cutaways and photographs throughout, written by RR specialists in all the respective fields, hugely popular and well-reviewed book, originally published in 2005 under Rolls Royce's own imprint"--
520 _a"The Jet Engine provides a complete, accessible description of the working and underlying principles of the gas turbine. Written by Rolls-Royce gas turbine engineers, it contains a wealth of detail and high-quality illustrations"--
650 0 _aAirplanes
_xTurbojet engines.
_93602
650 0 _aAirplanes
_xJet propulsion.
_94219
650 0 _aAircraft gas-turbines.
_94220
650 0 _aAeronautics & Astronautics.
_2bisacsh
_94221
856 _yBK
942 _cBK
_2ddc
999 _c10340
_d10340